<?xml version="1.0" encoding="UTF-8"?>
<record
    xmlns:xsi="http://www.w3.org/2001/XMLSchema-instance"
    xsi:schemaLocation="http://www.loc.gov/MARC21/slim http://www.loc.gov/standards/marcxml/schema/MARC21slim.xsd"
    xmlns="http://www.loc.gov/MARC21/slim">

  <leader>01249cam a2200289 a 4500</leader>
  <controlfield tag="001">4770230</controlfield>
  <controlfield tag="005">20210414113923.0</controlfield>
  <controlfield tag="008">860822s1986    ilu           001 0 eng  </controlfield>
  <datafield tag="010" ind1=" " ind2=" ">
    <subfield code="a">   86019912 </subfield>
  </datafield>
  <datafield tag="020" ind1=" " ind2=" ">
    <subfield code="a">0809248395 (pbk.) :</subfield>
    <subfield code="c">$6.95</subfield>
  </datafield>
  <datafield tag="040" ind1=" " ind2=" ">
    <subfield code="a">DLC</subfield>
    <subfield code="c">DLC</subfield>
    <subfield code="d">DLC</subfield>
  </datafield>
  <datafield tag="050" ind1="0" ind2="0">
    <subfield code="a">HD1382.5.M32</subfield>
  </datafield>
  <datafield tag="082" ind1="0" ind2="0">
    <subfield code="a">332.63/243</subfield>
    <subfield code="2">19</subfield>
  </datafield>
  <datafield tag="100" ind1="1" ind2=" ">
    <subfield code="a">McLean, Andrew James.</subfield>
  </datafield>
  <datafield tag="245" ind1="1" ind2="0">
    <subfield code="a">Making a fortune quickly in fix-up properties /</subfield>
    <subfield code="c">Andrew James McLean.</subfield>
  </datafield>
  <datafield tag="260" ind1=" " ind2=" ">
    <subfield code="a">Chicago :</subfield>
    <subfield code="b">Contemporary Books,</subfield>
    <subfield code="c">c1986.</subfield>
  </datafield>
  <datafield tag="300" ind1=" " ind2=" ">
    <subfield code="a">v, 172 p.:</subfield>
    <subfield code="c">21cm.</subfield>
  </datafield>
  <datafield tag="500" ind1=" " ind2=" ">
    <subfield code="a">Subtitle on cover: Learn how to locate, finance, improve, and sell undervalued real estate for profit.</subfield>
  </datafield>
  <datafield tag="500" ind1=" " ind2=" ">
    <subfield code="a">Includes index.</subfield>
  </datafield>
  <datafield tag="505" ind1=" " ind2=" ">
    <subfield code="a">Contents: How to finance a fixer-upper -- Buy right to sell right -- Where to  find your diamond in the rough -- Appraisal -- Fixing up your property -- Making the deal -- The Money maker: Lease-option -- More money-making concepts -- Property management: One man's dilemma is another man's profit -- Tax savings from depreciation.</subfield>
  </datafield>
  <datafield tag="650" ind1=" " ind2="0">
    <subfield code="a">Real estate investment.</subfield>
  </datafield>
  <datafield tag="650" ind1=" " ind2="0">
    <subfield code="a">Dwellings</subfield>
    <subfield code="x">Remodeling.</subfield>
  </datafield>
  <datafield tag="650" ind1=" " ind2="0">
    <subfield code="a">House buying.</subfield>
  </datafield>
  <datafield tag="650" ind1=" " ind2="0">
    <subfield code="a">House selling.</subfield>
  </datafield>
  <datafield tag="906" ind1=" " ind2=" ">
    <subfield code="a">7</subfield>
    <subfield code="b">cbc</subfield>
    <subfield code="c">orignew</subfield>
    <subfield code="d">1</subfield>
    <subfield code="e">ocip</subfield>
    <subfield code="f">19</subfield>
    <subfield code="g">y-gencatlg</subfield>
  </datafield>
  <datafield tag="942" ind1=" " ind2=" ">
    <subfield code="2">lcc</subfield>
    <subfield code="c">BK</subfield>
  </datafield>
  <datafield tag="999" ind1=" " ind2=" ">
    <subfield code="c">671</subfield>
    <subfield code="d">8171</subfield>
  </datafield>
  <datafield tag="952" ind1=" " ind2=" ">
    <subfield code="0">0</subfield>
    <subfield code="1">0</subfield>
    <subfield code="2">lcc</subfield>
    <subfield code="4">0</subfield>
    <subfield code="7">0</subfield>
    <subfield code="a">WIUC-1</subfield>
    <subfield code="b">WIUC-1</subfield>
    <subfield code="c">GEN</subfield>
    <subfield code="d">2012-03-22</subfield>
    <subfield code="l">0</subfield>
    <subfield code="o">HD1382.5.M32</subfield>
    <subfield code="p">1666/12</subfield>
    <subfield code="r">2012-03-22 00:00:00</subfield>
    <subfield code="t">1</subfield>
    <subfield code="w">2012-03-22</subfield>
    <subfield code="y">BK</subfield>
  </datafield>
  <datafield tag="952" ind1=" " ind2=" ">
    <subfield code="0">0</subfield>
    <subfield code="1">0</subfield>
    <subfield code="2">lcc</subfield>
    <subfield code="4">0</subfield>
    <subfield code="7">0</subfield>
    <subfield code="a">WIUC-1</subfield>
    <subfield code="b">WIUC-1</subfield>
    <subfield code="c">GEN</subfield>
    <subfield code="d">2012-03-22</subfield>
    <subfield code="l">0</subfield>
    <subfield code="o">HD1382.5.M321</subfield>
    <subfield code="p">1667/12</subfield>
    <subfield code="r">2012-03-22 00:00:00</subfield>
    <subfield code="t">2</subfield>
    <subfield code="w">2012-03-22</subfield>
    <subfield code="y">BK</subfield>
  </datafield>
  <datafield tag="952" ind1=" " ind2=" ">
    <subfield code="0">0</subfield>
    <subfield code="1">0</subfield>
    <subfield code="2">lcc</subfield>
    <subfield code="4">0</subfield>
    <subfield code="7">0</subfield>
    <subfield code="a">WIUC-1</subfield>
    <subfield code="b">WIUC-1</subfield>
    <subfield code="c">GEN</subfield>
    <subfield code="d">2012-03-22</subfield>
    <subfield code="l">0</subfield>
    <subfield code="o">HD1382.5.M322</subfield>
    <subfield code="p">1668/12</subfield>
    <subfield code="r">2012-03-22 00:00:00</subfield>
    <subfield code="t">3</subfield>
    <subfield code="w">2012-03-22</subfield>
    <subfield code="y">BK</subfield>
  </datafield>
  <datafield tag="952" ind1=" " ind2=" ">
    <subfield code="0">0</subfield>
    <subfield code="1">0</subfield>
    <subfield code="2">lcc</subfield>
    <subfield code="4">0</subfield>
    <subfield code="7">0</subfield>
    <subfield code="a">WIUC-1</subfield>
    <subfield code="b">WIUC-1</subfield>
    <subfield code="c">GEN</subfield>
    <subfield code="d">2012-03-22</subfield>
    <subfield code="l">0</subfield>
    <subfield code="o">HD1382.5.M323</subfield>
    <subfield code="p">1669/12</subfield>
    <subfield code="r">2012-03-22 00:00:00</subfield>
    <subfield code="t">4</subfield>
    <subfield code="w">2012-03-22</subfield>
    <subfield code="y">BK</subfield>
  </datafield>
  <datafield tag="952" ind1=" " ind2=" ">
    <subfield code="0">0</subfield>
    <subfield code="1">0</subfield>
    <subfield code="2">lcc</subfield>
    <subfield code="4">0</subfield>
    <subfield code="7">0</subfield>
    <subfield code="a">WIUC-1</subfield>
    <subfield code="b">WIUC-1</subfield>
    <subfield code="c">GEN</subfield>
    <subfield code="d">2012-03-22</subfield>
    <subfield code="l">0</subfield>
    <subfield code="o">HD1382.5.M324</subfield>
    <subfield code="p">1670/12</subfield>
    <subfield code="r">2012-03-22 00:00:00</subfield>
    <subfield code="t">5</subfield>
    <subfield code="w">2012-03-22</subfield>
    <subfield code="y">BK</subfield>
  </datafield>
  <datafield tag="952" ind1=" " ind2=" ">
    <subfield code="0">0</subfield>
    <subfield code="1">0</subfield>
    <subfield code="2">lcc</subfield>
    <subfield code="4">0</subfield>
    <subfield code="7">0</subfield>
    <subfield code="a">WIUC-1</subfield>
    <subfield code="b">WIUC-1</subfield>
    <subfield code="c">GEN</subfield>
    <subfield code="d">2012-03-22</subfield>
    <subfield code="l">0</subfield>
    <subfield code="o">HD1382.5.M325</subfield>
    <subfield code="p">1671/12</subfield>
    <subfield code="r">2012-03-22 00:00:00</subfield>
    <subfield code="t">6</subfield>
    <subfield code="w">2012-03-22</subfield>
    <subfield code="y">BK</subfield>
  </datafield>
  <datafield tag="952" ind1=" " ind2=" ">
    <subfield code="0">0</subfield>
    <subfield code="1">0</subfield>
    <subfield code="2">lcc</subfield>
    <subfield code="4">0</subfield>
    <subfield code="7">0</subfield>
    <subfield code="a">WIUC-1</subfield>
    <subfield code="b">WIUC-1</subfield>
    <subfield code="c">GEN</subfield>
    <subfield code="d">2012-03-22</subfield>
    <subfield code="l">0</subfield>
    <subfield code="o">HD1382.5.M326</subfield>
    <subfield code="p">1672/12</subfield>
    <subfield code="r">2012-03-22 00:00:00</subfield>
    <subfield code="t">7</subfield>
    <subfield code="w">2012-03-22</subfield>
    <subfield code="y">BK</subfield>
  </datafield>
  <datafield tag="952" ind1=" " ind2=" ">
    <subfield code="0">0</subfield>
    <subfield code="1">0</subfield>
    <subfield code="2">lcc</subfield>
    <subfield code="4">0</subfield>
    <subfield code="7">0</subfield>
    <subfield code="a">WIUC-1</subfield>
    <subfield code="b">WIUC-1</subfield>
    <subfield code="c">GEN</subfield>
    <subfield code="d">2012-03-22</subfield>
    <subfield code="l">0</subfield>
    <subfield code="o">HD1382.5.M327</subfield>
    <subfield code="p">1673/12</subfield>
    <subfield code="r">2012-03-22 00:00:00</subfield>
    <subfield code="t">8</subfield>
    <subfield code="w">2012-03-22</subfield>
    <subfield code="y">BK</subfield>
  </datafield>
  <datafield tag="952" ind1=" " ind2=" ">
    <subfield code="0">0</subfield>
    <subfield code="1">0</subfield>
    <subfield code="2">lcc</subfield>
    <subfield code="4">0</subfield>
    <subfield code="7">0</subfield>
    <subfield code="a">WIUC-1</subfield>
    <subfield code="b">WIUC-1</subfield>
    <subfield code="c">GEN</subfield>
    <subfield code="d">2012-03-22</subfield>
    <subfield code="l">0</subfield>
    <subfield code="o">HD1382.5.M328</subfield>
    <subfield code="p">1674/12</subfield>
    <subfield code="r">2012-03-22 00:00:00</subfield>
    <subfield code="t">9</subfield>
    <subfield code="w">2012-03-22</subfield>
    <subfield code="y">BK</subfield>
  </datafield>
  <datafield tag="952" ind1=" " ind2=" ">
    <subfield code="0">0</subfield>
    <subfield code="1">0</subfield>
    <subfield code="2">lcc</subfield>
    <subfield code="4">0</subfield>
    <subfield code="7">0</subfield>
    <subfield code="a">WIUC-1</subfield>
    <subfield code="b">WIUC-1</subfield>
    <subfield code="c">GEN</subfield>
    <subfield code="d">2012-03-22</subfield>
    <subfield code="l">0</subfield>
    <subfield code="o">HD1382.5.M329</subfield>
    <subfield code="p">1675/12</subfield>
    <subfield code="r">2012-03-22 00:00:00</subfield>
    <subfield code="t">10</subfield>
    <subfield code="w">2012-03-22</subfield>
    <subfield code="y">BK</subfield>
  </datafield>
  <datafield tag="952" ind1=" " ind2=" ">
    <subfield code="0">0</subfield>
    <subfield code="1">0</subfield>
    <subfield code="2">lcc</subfield>
    <subfield code="4">0</subfield>
    <subfield code="7">0</subfield>
    <subfield code="a">WIUC-1</subfield>
    <subfield code="b">WIUC-1</subfield>
    <subfield code="c">REF</subfield>
    <subfield code="d">2012-11-22</subfield>
    <subfield code="l">0</subfield>
    <subfield code="o">HD1382.5.M32</subfield>
    <subfield code="p">6510/12</subfield>
    <subfield code="r">2012-11-22 00:00:00</subfield>
    <subfield code="t">11</subfield>
    <subfield code="w">2012-11-22</subfield>
    <subfield code="y">BK</subfield>
  </datafield>
</record>
